Japan opens up its market

保存先:
書誌詳細
第一著者: Yoshihiro, Saski
フォーマット: 図書
言語:Undetermined
出版事項: Tokyo Foreign Press Center 1982
主題:
タグ: タグ追加
タグなし, このレコードへの初めてのタグを付けませんか!
Thư viện lưu trữ: Trung tâm Học liệu Trường Đại học Cần Thơ
LEADER 00460nam a2200169Ia 4500
001 CTU_79396
008 210402s9999 xx 000 0 und d
082 |a 380.1 
082 |b J35/Ser.10 
100 |a Yoshihiro, Saski 
245 0 |a Japan opens up its market 
245 0 |c Yoshihiro Saski 
260 |a Tokyo 
260 |b Foreign Press Center 
260 |c 1982 
650 |a Market analysis reports 
980 |a Trung tâm Học liệu Trường Đại học Cần Thơ